[Event "Copper State Int B"]
[Site "Mesa USA"]
[Date "2010.06.04"]
[Round "1"]
[White "Kacheishvili,G"]
[Black "Kiewra,K"]
[Result "1-0"]
[WhiteElo "2587"]
[BlackElo "2311"]
[EventDate "2010.06.04"]

1. g3 g6 2. Bg2 Bg7 3. c4 Nf6 4. Nc3 O-O 5. e4 c5 6. Nge2 Nc6 7. O-O Ne8 8.
d3 Nc7 9. Be3 Ne6 10. Rb1 d6 11. a3 Ned4 12. b4 Nxe2+ 13. Nxe2 Nd4 14. Nxd4
cxd4 15. Bd2 Bd7 16. e5 dxe5 17. Bxb7 Bh3 18. Re1 Rb8 19. Bh1 f5 20. Qa4 f4
21. Qc6 Bh6 22. Rb2 e6 23. Bg2 Rb6 24. Qe4 Bxg2 25. Kxg2 f3+ 26. Kh1 Bxd2
27. Rxd2 Qg5 28. Ra2 Qh6 29. c5 Qh3 30. Rg1 Rbb8 31. Qxe5 a5 32. c6 Rbd8
33. g4 Rfe8 34. c7 1-0

[Event "Copper State Int B"]
[Site "Mesa USA"]
[Date "2010.06.04"]
[Round "1"]
[White "Atoufi,P"]
[Black "Sedlak,N"]
[Result "0-1"]
[WhiteElo "2309"]
[BlackElo "2567"]
[EventDate "2010.06.04"]

1. e4 e6 2. d4 d5 3. exd5 exd5 4. Nf3 Bd6 5. c4 dxc4 6. Bxc4 Nf6 7. O-O O-O
8. Bg5 h6 9. Bh4 Nc6 10. Nc3 g5 11. Bg3 Bg4 12. Qd3 Kg7 13. Ne5 Bxe5 14.
Bxe5 Nxe5 15. dxe5 Nh5 16. Qe4 Qc8 17. Bd3 Rh8 18. Nd5 Be6 19. Nf6 Nf4 20.
Bc2 c6 21. f3 Qd8 22. g3 Nd5 23. Nh5+ Kf8 24. Rae1 Qb6+ 25. Rf2 Rd8 26. Bb3
Nc7 27. Re3 Rd4 28. Qc2 Nd5 29. Bxd5 Rxd5 30. Rb3 Qd8 31. Rxb7 Bh3 32. Rf1
Bxf1 33. Qf5 Qe8 34. Nf6 Bd3 35. Qg4 Qxe5 36. Qc8+ Kg7 37. Nh5+ Kg6 38.
Nf4+ gxf4 39. Qg4+ Kf6 0-1

[Event "Copper State Int B"]
[Site "Mesa USA"]
[Date "2010.06.04"]
[Round "1"]
[White "Marmont,Benjamin"]
[Black "Kekelidze,M"]
[Result "0-1"]
[WhiteElo "2116"]
[BlackElo "2436"]
[EventDate "2010.06.04"]

1. Nf3 d5 2. c4 d4 3. g3 Nc6 4. Bg2 e5 5. d3 Bb4+ 6. Nbd2 a5 7. O-O Nf6 8.
a3 Be7 9. b3 O-O 10. Rb1 Re8 11. Re1 h6 12. h3 Nd7 13. Qc2 Nc5 14. b4 axb4
15. axb4 Na4 16. c5 Nc3 17. Rb2 Na2 18. Qb1 Nc3 19. Qc2 Ra4 20. Nb1 Nxb4
21. Rxb4 Rxb4 22. Nxc3 dxc3 23. Qxc3 Rb5 24. Be3 Bf6 25. Qc4 c6 26. Nd2 Be6
27. Qc2 Bd5 28. Ne4 Bxe4 29. Bxe4 Bg5 30. Bxg5 Qxg5 31. Rb1 Rxb1+ 32. Qxb1
Qe7 33. Qb6 Ra8 34. Qb4 g6 35. Qc4 Ra5 36. Bxg6 Rxc5 0-1

[Event "Copper State Int B"]
[Site "Mesa USA"]
[Date "2010.06.04"]
[Round "1"]
[White "Bercys,S"]
[Black "Mateer,Amanda"]
[Result "1-0"]
[WhiteElo "2427"]
[BlackElo "2072"]
[EventDate "2010.06.04"]

1. d4 Nf6 2. Nf3 e6 3. c4 c5 4. d5 exd5 5. cxd5 d6 6. Nc3 g6 7. Nd2 Nbd7 8.
e4 Bg7 9. Nc4 Nb6 10. Ne3 O-O 11. g3 Re8 12. Bg2 Bd7 13. O-O Rb8 14. a4 Re7
15. Bd2 Be8 16. f4 a6 17. Kh1 Nc8 18. a5 Bb5 19. Nxb5 axb5 20. Qc2 Nd7 21.
Rae1 b4 22. Nc4 b5 23. axb6 Ndxb6 24. Na5 Na7 25. Nc6 Nxc6 26. dxc6 Ra7 27.
e5 dxe5 28. fxe5 b3 29. Qc1 Nc4 30. Qxc4 Qxd2 31. Qxc5 Ra5 32. Qd6 Rd8 33.
c7 Rxd6 34. exd6 Rc5 35. Rd1 1-0

[Event "Copper State Int B"]
[Site "Mesa USA"]
[Date "2010.06.04"]
[Round "1"]
[White "Gurczak,J"]
[Black "Ginsburg,M"]
[Result "1/2-1/2"]
[WhiteElo "2069"]
[BlackElo "2393"]
[EventDate "2010.06.04"]

1. d4 Nf6 2. c4 e6 3. Nf3 Bb4+ 4. Bd2 a5 5. g3 d6 6. Bg2 Nbd7 7. O-O e5 8.
Nc3 exd4 9. Nxd4 O-O 10. Qc2 Ne5 11. b3 Bc5 12. Nf3 c6 13. Rad1 Nxf3+ 14.
Bxf3 Bh3 15. Bg2 Bxg2 16. Kxg2 Re8 17. Bg5 h6 18. Bxf6 Qxf6 19. Na4 Bb4 20.
e3 Rad8 21. Rd4 d5 22. cxd5 Rxd5 23. Rxd5 cxd5 24. Nb2 Ba3 25. Nd1 Qe6 26.
Qd3 Rc8 27. Nc3 d4 28. Nd1 Qc6+ 29. Kg1 Bc5 30. exd4 Rd8 31. Ne3 Bxd4 32.
Rd1 g6 33. Qe2 Qe8 34. Kg2 Kh7 35. Qf3 Kg7 36. Nc4 b6 37. h4 Bc5 38. Rxd8
Qxd8 39. Ne5 Qe7 40. Nd3 Bd4 41. Qd5 Bf6 42. Nf4 Qa3 43. Qb7 Qd6 44. a4 Bd4
45. Qf3 Qf6 46. Qe4 Bxf2 47. Kxf2 g5 48. hxg5 hxg5 49. Qf3 gxf4 50. gxf4
Qb2+ 51. Kg3 1/2-1/2

[Event "Copper State Int B"]
[Site "Mesa USA"]
[Date "2010.06.04"]
[Round "1"]
[White "Holt,C"]
[Black "Harmon,L"]
[Result "1/2-1/2"]
[WhiteElo "2375"]
[BlackElo "2062"]
[EventDate "2010.06.04"]

1. d4 Nf6 2. c4 e6 3. Nc3 Bb4 4. Qc2 O-O 5. e4 d6 6. Bd3 e5 7. Nge2 Re8 8.
O-O Nbd7 9. Nd5 Nxd5 10. exd5 exd4 11. Bxh7+ Kh8 12. Nxd4 Qh4 13. Nb5 Ba5
14. Bd3 a6 15. Nc3 Ne5 16. Be2 Bg4 17. Bf4 Bxe2 18. Nxe2 Ng6 19. Be3 Re5
20. h3 Rae8 21. Nd4 Qh5 22. Qd1 Qxd1 23. Rfxd1 Re4 24. Rac1 Bb6 25. Kf1 Kg8
26. Nf5 Bxe3 27. Nxe3 b6 28. Rc3 Nf4 29. b4 g6 30. h4 Nh5 31. Ra3 Rxh4 32.
g3 Rhe4 33. Kg2 f5 34. Rxa6 Nxg3 35. Ra7 R8e7 36. c5 Nh5 37. cxd6 cxd6 38.
Rxe7 Rxe7 39. Rd4 b5 40. Nc2 Ra7 41. Rh4 Nf6 42. Nd4 1/2-1/2

[Event "Copper State Int B"]
[Site "Mesa USA"]
[Date "2010.06.04"]
[Round "1"]
[White "Troff,Kayden"]
[Black "Yermolinsky,A"]
[Result "1/2-1/2"]
[WhiteElo "2201"]
[BlackElo "2528"]
[EventDate "2010.06.04"]

1. d4 Nf6 2. c4 e6 3. Nf3 Bb4+ 4. Bd2 c5 5. e3 O-O 6. Be2 b6 7. Nc3 Bb7 8.
Qc2 cxd4 9. Nxd4 Bxg2 10. Rg1 Bb7 11. O-O-O Re8 12. a3 Bc5 13. b4 Bf8 14.
e4 d6 15. Bg5 Nbd7 16. Ndb5 Qb8 17. Qd3 d5 18. exd5 exd5 19. cxd5 Qxh2 20.
d6 Rac8 21. Bxf6 Nxf6 22. d7 Nxd7 23. Qxd7 Bc6 24. Qd4 Rxe2 25. Nxa7 Ree8
26. Nxc8 Rxc8 27. Kb2 g6 28. Rg3 b5 29. Qf6 Be8 30. Kb3 Bg7 31. Qa6 Rc6 32.
Qa8 Re6 33. Rd8 Kf8 34. Rf3 Bxc3 35. Kxc3 Qc7+ 36. Kd2 Kg7 37. Qd5 Qa7 38.
Re3 Bc6 39. Qd4+ Qxd4+ 40. Rxd4 Rf6 41. Ke2 g5 42. Re5 Kg6 1/2-1/2

[Event "Copper State Int B"]
[Site "Mesa USA"]
[Date "2010.06.04"]
[Round "1"]
[White "Adelberg,D"]
[Black "Altounian,L"]
[Result "1-0"]
[WhiteElo "2186"]
[BlackElo "2454"]
[EventDate "2010.06.04"]

1. d4 d5 2. c4 dxc4 3. Nf3 c5 4. e3 cxd4 5. Bxc4 Qc7 6. Bb3 dxe3 7. Bxe3
Nc6 8. Nc3 Nf6 9. O-O a6 10. Rc1 Bf5 11. Nd5 Nxd5 12. Bxd5 Rc8 13. Qb3 e6
14. Bxc6+ bxc6 15. Nd4 Be4 16. Nxe6 Qb8 17. Qa4 Bxg2 18. Nxf8 Bxf1 19. Bc5
f6 20. Re1+ Kf7 21. Re7+ 1-0

[Event "Copper State Int B"]
[Site "Mesa USA"]
[Date "2010.06.04"]
[Round "2"]
[White "Kekelidze,M"]
[Black "Kacheishvili,G"]
[Result "1/2-1/2"]
[WhiteElo "2436"]
[BlackElo "2587"]
[EventDate "2010.06.04"]

1. e4 c6 2. d4 d5 3. exd5 cxd5 4. c4 Nf6 5. Nc3 g6 6. cxd5 Nxd5 7. Bc4 Nb6
8. Bb3 Bg7 9. Nf3 O-O 10. h3 Nc6 11. Be3 Na5 12. Bc2 Nac4 13. Bc1 Nd5 14.
O-O Nxc3 15. bxc3 Be6 16. Rb1 Bd5 17. Re1 Rc8 18. Bg5 f6 19. Bc1 e6 20. a4
Qd6 21. Nd2 1/2-1/2

[Event "Copper State Int B"]
[Site "Mesa USA"]
[Date "2010.06.04"]
[Round "2"]
[White "Adelberg,D"]
[Black "Panchanathan,M"]
[Result "0-1"]
[WhiteElo "2186"]
[BlackElo "2549"]
[EventDate "2010.06.04"]

1. d4 Nf6 2. c4 e6 3. Nf3 b6 4. g3 Bb7 5. Bg2 Be7 6. Nc3 Ne4 7. Bd2 Bf6 8.
O-O O-O 9. Rc1 Nxd2 10. Qxd2 d6 11. e4 c5 12. d5 e5 13. Ne1 Na6 14. f4 Nc7
15. a4 Bc8 16. Nf3 Rb8 17. f5 a6 18. Rb1 Bd7 19. Qf2 b5 20. g4 h5 21. gxh5
bxa4 22. Qd2 Kh7 23. Rf2 Rh8 24. h6 gxh6 25. Kh1 Rg8 26. Bf1 Bg5 27. Qc2
Be3 28. Re2 Bd4 29. Nxa4 Qh4 30. Bg2 Qh5 31. Nxd4 cxd4 32. Rd2 Rb4 33. b3
Rgb8 34. Rdd1 Ne8 35. h3 Nf6 36. c5 Bxa4 37. bxa4 dxc5 38. Rxb4 Rxb4 39.
Rg1 c4 40. Bf1 Qf3+ 41. Kh2 c3 0-1

[Event "Copper State Int B"]
[Site "Mesa USA"]
[Date "2010.06.04"]
[Round "2"]
[White "Jayakumar,A"]
[Black "Siddharth,R"]
[Result "0-1"]
[WhiteElo "2169"]
[BlackElo "2454"]
[EventDate "2010.06.04"]

1. d4 d5 2. c4 c6 3. Nf3 Nf6 4. Qc2 g6 5. g3 dxc4 6. Qxc4 Be6 7. Qc2 Bf5 8.
Qb3 Qb6 9. Nc3 Na6 10. Qxb6 axb6 11. Bf4 Nb4 12. Kd2 Ne4+ 13. Nxe4 Bxe4 14.
Bg2 Bg7 15. e3 Nd3 16. Ne1 Nxf2 17. Rf1 Bxg2 18. Nxg2 Ne4+ 19. Kd3 f5 20.
g4 e6 21. gxf5 exf5 22. h4 Kf7 23. a4 c5 24. Bc7 Ra6 25. a5 bxa5 26. Rxa5
Rc6 27. Bh2 cxd4 28. exd4 Rd8 29. Be5 Nc5+ 30. Ke3 Bxe5 31. dxe5 Rd5 0-1

[Event "Copper State Int B"]
[Site "Mesa USA"]
[Date "2010.06.04"]
[Round "2"]
[White "Ginsburg,M"]
[Black "Troff,Kayden"]
[Result "1/2-1/2"]
[WhiteElo "2393"]
[BlackElo "2201"]
[EventDate "2010.06.04"]

1. c4 c5 2. Nf3 Nc6 3. Nc3 g6 4. e3 Bg7 5. d4 cxd4 6. exd4 d6 7. d5 Ne5 8.
Nxe5 Bxe5 9. Be2 Bd7 10. O-O Rc8 11. Be3 Qa5 12. a3 Nf6 13. b4 Qc7 14. Rc1
a5 15. f4 Bxc3 16. Rxc3 axb4 17. axb4 h5 18. Bd4 Rg8 19. Re1 Kf8 20. Bf1
Bf5 21. Rce3 h4 22. Rxe7 Qxe7 23. Rxe7 Kxe7 24. Qe1+ Ne4 25. Bd3 Rge8 26.
Qxh4+ Kd7 27. c5 dxc5 28. Bb5+ Kd6 29. Be5+ Rxe5 30. fxe5+ Kxd5 31. g4 Be6
32. Qe7 cxb4 33. Bd3 Kxe5 34. Qxb4 Nd6 35. Kf2 Bc4 36. Qe1+ Kd5 37. Qe3
Bxd3 38. Qxd3+ Ke6 39. h4 Rc4 40. Kf3 b5 41. h5 gxh5 42. gxh5 Nf5 43. Qd8
Rh4 44. Qe8+ 1/2-1/2

[Event "Copper State Int B"]
[Site "Mesa USA"]
[Date "2010.06.04"]
[Round "2"]
[White "Ristovic,N"]
[Black "Holt,C"]
[Result "0-1"]
[WhiteElo "2193"]
[BlackElo "2375"]
[EventDate "2010.06.04"]

1. d4 d5 2. c4 c6 3. cxd5 cxd5 4. Nf3 Nf6 5. Nc3 Nc6 6. Bf4 Nh5 7. Bg3 Nxg3
8. hxg3 g6 9. e3 Bg7 10. Rc1 O-O 11. Bd3 e5 12. dxe5 Nxe5 13. Nxe5 Bxe5 14.
O-O h5 15. Qa4 Bd7 16. Qb4 Bc6 17. Bb5 Re8 18. b3 Bxc3 19. Rxc3 Qb6 20. a4
a6 21. Rc5 axb5 22. axb5 Ra5 23. Rd1 Rxb5 24. Rxb5 Qxb5 0-1

[Event "Copper State Int B"]
[Site "Mesa USA"]
[Date "2010.06.04"]
[Round "2"]
[White "Altounian,L"]
[Black "Gurczak,J"]
[Result "1/2-1/2"]
[WhiteElo "2454"]
[BlackElo "2069"]
[EventDate "2010.06.04"]

1. c4 c5 2. Nc3 Nc6 3. Nf3 Nf6 4. e3 d5 5. cxd5 Nxd5 6. Bb5 Ndb4 7. d4 a6
8. Bxc6+ Nxc6 9. d5 Na7 10. e4 g6 11. Be3 b6 12. Qd2 Bg7 13. Bh6 O-O 14. h4
f6 15. Bxg7 Kxg7 16. h5 g5 17. h6+ Kh8 18. Nxg5 fxg5 19. Qxg5 Rf7 20. O-O-O
Qd6 21. e5 1/2-1/2

[Event "Copper State Int B"]
[Site "Mesa USA"]
[Date "2010.06.04"]
[Round "2"]
[White "Boskovic,D"]
[Black "Haskel,J"]
[Result "1-0"]
[WhiteElo "2450"]
[BlackElo "2241"]
[EventDate "2010.06.04"]

1. d4 d5 2. Bf4 Nf6 3. e3 c5 4. c3 Nc6 5. Nd2 Bf5 6. Qb3 Qc8 7. Ngf3 c4 8.
Qd1 e6 9. Be2 Be7 10. Ne5 Nxe5 11. Bxe5 Nd7 12. Bf4 b5 13. g4 Bg6 14. h4 h6
15. Bg3 a5 16. Bf3 Bd3 17. e4 Nf6 18. e5 Nd7 19. Be2 Bh7 20. O-O b4 21. f4
bxc3 22. bxc3 Ba3 23. f5 Bb2 24. Rc1 Bxc1 25. Qxc1 Qc7 26. Qa3 Nb6 27. Kh2
Qe7 28. Qb2 Na4 29. Qc2 Qd7 30. Bd1 Nb6 31. Qb2 Qc6 32. Qa3 Ra7 33. Bc2 a4
34. h5 Kd8 35. fxe6 Bxc2 36. exf7 Nd7 37. f8=Q+ Rxf8 38. Rxf8+ Nxf8 39.
Qxf8+ Kc7 40. e6+ Kb6 41. e7 Ra8 42. Bb8 1-0

[Event "Copper State Int B"]
[Site "Mesa USA"]
[Date "2010.06.04"]
[Round "2"]
[White "Kiewra,K"]
[Black "Marmont,Benjamin"]
[Result "1-0"]
[WhiteElo "2311"]
[BlackElo "2116"]
[EventDate "2010.06.04"]

1. e4 c5 2. Nf3 e6 3. d3 Nc6 4. g3 g6 5. Bg2 Bg7 6. O-O Nge7 7. c3 d5 8.
Nbd2 O-O 9. a3 b6 10. Qe2 a5 11. a4 Ba6 12. e5 Qd7 13. Re1 h6 14. h4 Rae8
15. Nf1 Kh7 16. N1h2 Ng8 17. Bf4 f6 18. exf6 Nxf6 19. Ne5 Nxe5 20. Bxe5 Ne4
21. Bxe4 dxe4 22. Qxe4 Qxd3 23. Bxg7 Qxe4 24. Rxe4 Kxg7 25. Rd1 Bb7 26. Re3
Rd8 27. Red3 Rxd3 28. Rxd3 Bd5 29. Ng4 Rf7 30. Ne5 Be4 31. Rd7 Rxd7 32.
Nxd7 Bc2 33. Nxb6 Kf7 34. Nd7 Bxa4 35. Nxc5 Bc2 36. Kf1 Ke7 37. Ke2 Bf5 38.
Nb7 a4 39. Nc5 1-0

[Event "Copper State Int B"]
[Site "Mesa USA"]
[Date "2010.06.04"]
[Round "2"]
[White "Mateer,Amanda"]
[Black "Atoufi,P"]
[Result "1-0"]
[WhiteElo "2072"]
[BlackElo "2309"]
[EventDate "2010.06.04"]

1. d4 f5 2. c4 Nf6 3. Nc3 g6 4. h4 Bg7 5. Nf3 d6 6. g3 c6 7. Bg2 O-O 8. Bg5
h6 9. Bxf6 Bxf6 10. Qd2 Bg7 11. Rd1 Nd7 12. O-O Nf6 13. Rfe1 Qe8 14. d5 c5
15. a3 Qf7 16. Qc2 Ng4 17. e3 Qf6 18. Rc1 g5 19. b4 b6 20. Qd2 Bd7 21. e4
f4 22. e5 Nxe5 23. Nxe5 dxe5 24. Ne4 Qg6 25. bxc5 f3 26. c6 Bg4 27. Bf1
gxh4 28. c5 Bf5 29. Qe3 hxg3 30. Nxg3 h5 31. Rc4 Bg4 32. Bd3 Bf5 33. Bxf5
Rxf5 34. Qe4 Raf8 35. c7 b5 36. c8=Q Rxc8 37. Qxf5 Qxf5 38. Nxf5 Rf8 39.
Nxe7+ Kf7 40. Rb4 Kxe7 41. Rxb5 Rf4 42. Rb7+ Kf6 43. Rb4 Rf5 44. c6 Bf8 45.
Rc4 Bd6 46. c7 Rg5+ 47. Kh1 Bxc7 48. Rxc7 Rg4 49. Rd1 Rh4+ 50. Kg1 Rg4+ 51.
Kf1 Rh4 52. Ke1 Re4+ 53. Kd2 Re2+ 54. Kc3 1-0

[Event "Copper State Int B"]
[Site "Mesa USA"]
[Date "2010.06.05"]
[Round "3"]
[White "Panchanathan,M"]
[Black "Fridman,D2"]
[Result "0-1"]
[WhiteElo "2549"]
[BlackElo "2654"]
[EventDate "2010.06.04"]

1. e4 c6 2. d4 d5 3. exd5 cxd5 4. c4 Nf6 5. Nc3 Nc6 6. Bg5 dxc4 7. Bxc4 h6
8. Be3 e6 9. Nf3 Bd6 10. O-O O-O 11. Qe2 b6 12. Rad1 Ne7 13. Ne5 Bb7 14.
Bc1 Rc8 15. Bd3 Ned5 16. Ne4 Nxe4 17. Qxe4 f5 18. Qf3 Bxe5 19. dxe5 Nc3 20.
Qg3 Nxd1 21. Bxh6 Rf7 22. Rxd1 Qd5 23. Be2 Qxg2+ 24. Qxg2 Bxg2 25. Kxg2
gxh6 26. Rd6 Rg7+ 27. Kf3 Kf7 28. Ke3 Ke7 29. b3 Rc3+ 30. Kd2 Rc5 31. f4
Rg2 0-1

[Event "Copper State Int B"]
[Site "Mesa USA"]
[Date "2010.06.05"]
[Round "3"]
[White "Haskel,J"]
[Black "Chakraborty,Di"]
[Result "1-0"]
[WhiteElo "2241"]
[BlackElo "2135"]
[EventDate "2010.06.04"]

1. d4 Nf6 2. Nf3 d5 3. c4 e6 4. e3 a6 5. b3 Be7 6. Qc2 dxc4 7. bxc4 c5 8.
Be2 Nc6 9. O-O cxd4 10. exd4 Nxd4 11. Nxd4 Qxd4 12. Nc3 Bd7 13. Rd1 Qa7 14.
Ne4 Nxe4 15. Qxe4 Bc6 16. Qg4 Bf6 17. Rb1 O-O 18. Be3 Qb8 19. Bd3 g6 20. h4
h5 21. Qh3 Qe5 22. f4 Qc3 23. Rbc1 Qa3 24. Qg3 Kg7 25. c5 Rad8 26. Bb1 Qb2
27. Kh1 Bxh4 28. Qh3 Bf6 29. Re1 Bh4 30. Rc2 Qxc2 31. Bxc2 Bxe1 32. Bc1 Bf2
33. Qc3+ Bd4 34. Qd2 Bf6 35. Qe3 Rh8 36. Kh2 Bd4 37. Qa3 Rd5 38. Be4 Rxc5
39. Bb2 Bxb2 40. Qxc5 Bxe4 41. Qb4 Bd5 42. Qxb2+ Kh7 43. Qf6 Rf8 44. a3 Kg8
45. Kg3 Rc8 46. Kh4 b5 47. Kg5 Ra8 48. Qe5 Bxg2 49. Kf6 Bd5 50. f5 gxf5 51.
Qg3+ Kf8 52. Qc7 e5 53. Qd6+ Kg8 54. Qxd5 1-0

[Event "Copper State Int B"]
[Site "Mesa USA"]
[Date "2010.06.05"]
[Round "3"]
[White "Holt,C"]
[Black "Sedlak,N"]
[Result "1-0"]
[WhiteElo "2375"]
[BlackElo "2567"]
[EventDate "2010.06.04"]

1. d4 Nf6 2. c4 e6 3. Nc3 Bb4 4. Qc2 d5 5. cxd5 exd5 6. Bg5 c5 7. dxc5 Nc6
8. e3 Be6 9. Nge2 h6 10. Bxf6 Qxf6 11. a3 Bxc5 12. Rd1 Bb6 13. Nxd5 Bxd5
14. Rxd5 O-O 15. Nc3 Ne7 16. Rb5 a6 17. Rb3 Ba5 18. Be2 b5 19. O-O Qe6 20.
a4 b4 21. Nb1 Rac8 22. Qd1 Rc5 23. Rd3 Rfc8 24. Nd2 Bc7 25. Nb3 Rg5 26. g3
Qf6 27. f4 Rg6 28. Bh5 Bb6 29. a5 Ba7 30. Rd8+ Kh7 31. Rxc8 Bxe3+ 32. Kh1
Nxc8 33. Qf3 Ba7 34. Nd2 Ne7 35. f5 Rg5 36. Ne4 1-0

[Event "Copper State Int B"]
[Site "Mesa USA"]
[Date "2010.06.05"]
[Round "3"]
[White "Ravichandran,S"]
[Black "Kacheishvili,G"]
[Result "0-1"]
[WhiteElo "2177"]
[BlackElo "2587"]
[EventDate "2010.06.04"]

1. e4 c5 2. d3 Nc6 3. g3 g6 4. Bg2 Bg7 5. f4 d6 6. Nf3 e5 7. O-O Nge7 8. c4
O-O 9. Nc3 a6 10. Be3 exf4 11. gxf4 Bg4 12. Qd2 Qd7 13. Nd5 Rae8 14. f5
gxf5 15. Bh6 f6 16. Nh4 Nxd5 17. exd5 Bxh6 18. Qxh6 Nd4 19. Rf2 Qg7 20.
Qxg7+ Kxg7 21. h3 Bh5 22. Nxf5+ Nxf5 23. Rxf5 Bg6 24. Rf3 Re2 25. Rb1 Rfe8
26. b4 cxb4 27. Rxb4 b5 28. cxb5 axb5 29. Rxb5 Rxa2 30. Rb6 Re1+ 31. Bf1
Re5 32. Rxd6 Rg5+ 33. Kh1 Bh5 34. Rdxf6 Bxf3+ 35. Rxf3 Rxd5 36. Rg3+ Kf6
37. Bg2 Rg5 38. Rxg5 Kxg5 39. Bd5 Rd2 40. Be4 h6 41. Kg1 Kh4 42. Bf5 Kg3
43. Bg4 Rxd3 44. Kf1 Re3 45. Bc8 h5 46. Bd7 Re7 47. Bc8 Re8 48. Bd7 Rd8 49.
Be6 Rf8+ 50. Kg1 Re8 51. Bc4 Re1+ 52. Bf1 h4 0-1

[Event "Copper State Int B"]
[Site "Mesa USA"]
[Date "2010.06.05"]
[Round "3"]
[White "Troff,Kayden"]
[Black "Boskovic,D"]
[Result "0-1"]
[WhiteElo "2201"]
[BlackElo "2450"]
[EventDate "2010.06.04"]

1. d4 Nf6 2. c4 c5 3. d5 e6 4. Nc3 exd5 5. cxd5 d6 6. e4 g6 7. f4 Bg7 8.
Nf3 O-O 9. Be2 Bg4 10. O-O Nbd7 11. h3 Bxf3 12. Bxf3 Re8 13. g4 h6 14. h4
h5 15. g5 Nh7 16. f5 Ne5 17. Bxh5 gxh5 18. Qxh5 Qd7 19. Bf4 b5 20. f6 Bh8
21. Bxe5 Rxe5 22. Qf3 Rae8 23. Rae1 b4 24. Nd1 Nxg5 25. hxg5 Rxg5+ 26. Kf2
Qg4 27. Rg1 Qxf3+ 28. Kxf3 Rxg1 29. Rxg1+ Kf8 30. Ne3 Bxf6 31. Nf5 Rd8 32.
b3 Be5 33. Ke2 a5 34. Kd3 a4 35. Re1 Ra8 36. Nxd6 Bxd6 37. e5 Re8 38. e6
fxe6 39. dxe6 Ke7 40. Kc4 axb3 41. axb3 Rh8 42. Kd5 Rh5+ 43. Kc6 c4 44.
bxc4 Rc5+ 45. Kb6 Rxc4 46. Kb5 Rh4 47. Ka4 Rh6 48. Kb3 Rxe6 49. Rh1 Re3+
50. Kb2 Be5+ 51. Kb1 b3 52. Rd1 Re2 53. Kc1 Rc2+ 54. Kb1 Ra2 0-1

[Event "Copper State Int B"]
[Site "Mesa USA"]
[Date "2010.06.05"]
[Round "3"]
[White "Gurczak,J"]
[Black "Pruess,D"]
[Result "0-1"]
[WhiteElo "2069"]
[BlackElo "2361"]
[EventDate "2010.06.04"]

1. d4 d5 2. c4 c6 3. Nc3 Nf6 4. Nf3 dxc4 5. a4 Bf5 6. Ne5 Nbd7 7. Nxc4 Qc7
8. g3 e5 9. dxe5 Nxe5 10. Bf4 Nfd7 11. Bg2 f6 12. O-O O-O-O 13. a5 g5 14.
Bxe5 Nxe5 15. Qa4 a6 16. Ne3 Be6 17. Ne4 Qf7 18. Qc2 Bb4 19. Nc3 Rd4 20.
Qc1 Rd7 21. Ra4 Be7 22. f4 gxf4 23. Raxf4 Qh5 24. Ncd5 Qxe2 25. Nb6+ Kb8
26. Nxd7+ Bxd7 27. R4f2 Qb5 28. Rd1 Qxa5 29. Kh1 Be6 30. Qd2 Qb6 31. Re2
Bc5 32. Be4 h5 33. Nf5 Bc4 34. Rg2 Ng4 35. Nd4 Ka8 36. Qc3 Rd8 37. Qxc4 Ne3
38. Qb3 Nxd1 39. Qxb6 Bxb6 40. Ne6 Rd6 0-1

[Event "Copper State Int B"]
[Site "Mesa USA"]
[Date "2010.06.05"]
[Round "3"]
[White "Adamson,R"]
[Black "Mateer,Amanda"]
[Result "1-0"]
[WhiteElo "2328"]
[BlackElo "2072"]
[EventDate "2010.06.04"]

1. e4 c5 2. Nf3 e6 3. g3 Nc6 4. Bg2 Nf6 5. d3 d5 6. Qe2 Be7 7. O-O O-O 8.
e5 Nd7 9. c4 Nb6 10. b3 a5 11. Nc3 a4 12. Bf4 Nb4 13. Rad1 axb3 14. axb3
Bd7 15. h4 Bc6 16. Ng5 h6 17. Nf3 Ra3 18. Qb2 Ra6 19. d4 Qc7 20. dxc5 Bxc5
21. Qe2 Ra3 22. Nb5 Bxb5 23. cxb5 Rxb3 24. Nh2 Ra8 25. Qh5 Bf8 26. Ng4 Kh7
27. Rd4 Qe7 1-0

[Event "Copper State Int B"]
[Site "Mesa USA"]
[Date "2010.06.05"]
[Round "3"]
[White "Gurevich,D"]
[Black "Kiewra,K"]
[Result "1-0"]
[WhiteElo "2488"]
[BlackElo "2311"]
[EventDate "2010.06.04"]

1. e4 c5 2. Nc3 Nc6 3. f4 g6 4. Nf3 Bg7 5. Bb5 Nd4 6. O-O e6 7. d3 Ne7 8.
Nxd4 cxd4 9. Ne2 O-O 10. Qe1 Qc7 11. Ba4 b5 12. Bb3 f5 13. e5 Nc6 14. c3
dxc3 15. Nxc3 b4 16. Na4 a5 17. Be3 Ba6 18. Qg3 Rfe8 19. Rfd1 Bb5 20. d4
Bxa4 21. Bxa4 Ne7 22. Rac1 Qb7 23. Rc5 Rec8 24. Bf2 Nd5 25. Bb3 Bf8 26.
Rxd5 a4 27. Rc5 Bxc5 28. dxc5 axb3 29. axb3 Rf8 30. h4 Rf7 31. h5 Qe4 32.
h6 Qc2 33. Qf3 Rc8 34. Rd6 Qxb2 35. Kh2 Rc6 36. Rxc6 dxc6 37. Bg3 Qd4 38.
Qxc6 Qd7 39. Qd6 Qc8 40. Bh4 g5 41. Bxg5 Qe8 42. c6 Ra7 43. Kg3 Kf7 44. c7
Ra8 45. Qd8 Qg8 1-0

[Event "Copper State Int B"]
[Site "Mesa USA"]
[Date "2010.06.05"]
[Round "3"]
[White "Atoufi,P"]
[Black "Harmon,L"]
[Result "1-0"]
[WhiteElo "2309"]
[BlackElo "2062"]
[EventDate "2010.06.04"]

1. Nf3 e6 2. c4 Nf6 3. g3 b6 4. Bg2 Bb7 5. O-O Be7 6. d3 O-O 7. e4 d5 8.
exd5 exd5 9. Nd4 Nbd7 10. Nf5 Rb8 11. Bf4 dxc4 12. Bxb7 Rxb7 13. Qf3 Rb8
14. dxc4 Re8 15. Nc3 Bc5 16. Rae1 a6 17. Rxe8+ Nxe8 18. Rd1 Qc8 19. Nd5 Kf8
20. b4 Bd6 21. Nxd6 cxd6 22. Qh5 Ndf6 23. Nxf6 Nxf6 24. Bxd6+ Kg8 25. Qf3
Rb7 26. c5 bxc5 27. bxc5 Rd7 28. c6 Rd8 29. c7 Re8 30. Be5 Nd7 31. Qg4 1-0

[Event "Copper State Int B"]
[Site "Mesa USA"]
[Date "2010.06.06"]
[Round "4"]
[White "Kacheishvili,G"]
[Black "Holt,C"]
[Result "0-1"]
[WhiteElo "2587"]
[BlackElo "2375"]
[EventDate "2010.06.04"]

1. d4 d5 2. Nf3 Nf6 3. c4 c6 4. Nc3 dxc4 5. a4 Bf5 6. Ne5 Nbd7 7. Nxc4 Nb6
8. Ne5 a5 9. e3 g6 10. Bd3 Be6 11. O-O Bg7 12. h3 O-O 13. Qe2 Nfd5 14. Nxd5
Bxd5 15. e4 Be6 16. Be3 f5 17. f3 Qd6 18. Rfd1 fxe4 19. fxe4 Qb4 20. Nf3
Bb3 21. Bc2 Bxa4 22. Bxa4 Nxa4 23. Bd2 Qb5 24. Qxb5 cxb5 25. b3 Rxf3 26.
gxf3 Bxd4+ 27. Kf1 Bxa1 28. Rxa1 Nc5 29. Rxa5 Rxa5 30. Bxa5 Nxb3 31. Bc3
Kf7 32. Ke2 g5 33. Ke3 Nc5 34. f4 gxf4+ 35. Kxf4 b4 36. Bh8 Ne6+ 37. Ke3
Ng7 0-1

[Event "Copper State Int B"]
[Site "Mesa USA"]
[Date "2010.06.06"]
[Round "4"]
[White "Bercys,S"]
[Black "Panchanathan,M"]
[Result "1-0"]
[WhiteElo "2427"]
[BlackElo "2549"]
[EventDate "2010.06.04"]

1. d4 Nf6 2. c4 e6 3. Nf3 b6 4. g3 Ba6 5. b3 Bb4+ 6. Bd2 Be7 7. Bg2 c6 8.
O-O d5 9. Qc2 Nbd7 10. Rd1 O-O 11. Bf4 Rc8 12. Nc3 c5 13. dxc5 Bxc5 14. e4
Ng4 15. exd5 e5 16. Bc1 Nxf2 17. Rf1 Ne4+ 18. Kh1 Nxc3 19. Qxc3 b5 20. b4
Be7 21. c5 Nxc5 22. bxc5 b4 23. Qe1 Bxf1 24. Qxf1 Qxd5 25. Nh4 e4 26. Nf5
Bf6 27. Bb2 Qe6 28. Nh6+ Kh8 29. Bh3 Qc6 30. Bxf6 Qxf6 31. Qxf6 gxf6 32.
Bxc8 Rxc8 33. Rc1 1-0

[Event "Copper State Int B"]
[Site "Mesa USA"]
[Date "2010.06.06"]
[Round "4"]
[White "Pruess,D"]
[Black "Ravichandran,S"]
[Result "0-1"]
[WhiteElo "2361"]
[BlackElo "2177"]
[EventDate "2010.06.04"]

1. e4 c5 2. Nf3 e6 3. d4 cxd4 4. Nxd4 Nf6 5. Nc3 Qb6 6. e5 Bc5 7. Be3 Nd5
8. Nxd5 exd5 9. Nf5 Qxb2 10. Nxg7+ Kd8 11. Bg5+ Kc7 12. Bf4 Qc3+ 13. Bd2
Qxe5+ 14. Be2 Qxg7 15. O-O d6 16. Bf3 Be6 17. c4 dxc4 18. Qa4 Nd7 19. Qb5
Rab8 20. Ba5+ b6 21. Qc6+ Kd8 22. Rad1 bxa5 0-1

[Event "Copper State Int B"]
[Site "Mesa USA"]
[Date "2010.06.06"]
[Round "4"]
[White "Sedlak,N"]
[Black "Altounian,L"]
[Result "1-0"]
[WhiteElo "2567"]
[BlackElo "2454"]
[EventDate "2010.06.04"]

1. d4 d6 2. Nf3 Bg4 3. e4 Nf6 4. Nc3 c6 5. Be2 e6 6. Be3 d5 7. e5 Bxf3 8.
exf6 Bxe2 9. fxg7 Bxg7 10. Nxe2 Nd7 11. c3 Qb6 12. Qd2 Qa6 13. O-O h5 14.
Nf4 h4 15. Nd3 Qb6 16. a4 Qd8 17. a5 Qf6 18. Bf4 Bh6 19. b3 Bxf4 20. Nxf4
Qg5 21. Rfe1 Rg8 22. c4 dxc4 23. bxc4 c5 24. a6 bxa6 25. dxc5 Rc8 26. Rxa6
Nxc5 27. Rd6 a5 28. Qd4 a4 29. g3 hxg3 30. hxg3 Qf5 31. Rd5 Nb3 32. Qa7
Qxf4 33. Qd7+ Kf8 34. Qxc8+ Kg7 35. Qxg8+ Kxg8 36. Rd8+ 1-0